World's Top 25 Healthiest Foods Quiz Stats

 Plays Quiz not verified by Sporcle

Score 0/25 Timer 03:00
0 Plays Today
Rank Food % Correct
23Apples
72.2%
3 Fat-Free Milk
70.7%
4 Salmon
69.2%
14Spinach
62.5%
7 Nuts
52.5%
1 Eggs
49.2%
20Blueberries
47.7%
13Broccoli
47.5%
15Tomato
46%
17Garlic
45.3%
2Greek Yogurt
42.4%
12Avocado
37.5%
6 Beans
36.3%
Rank Food % Correct
5 Lean Beef
33.7%
9Oatmeal
26.6%
8Edamame and Tofu
24.7%
18Red Pepper
22%
21Asian Pears
21.5%
25Dark Chocolate
20.1%
11Olive Oil
18.4%
16Sweet Potato
16.5%
10Flaxseed
11.1%
19Figs
7.7%
24Guava
7.5%
22Lychee
6.3%

You're not logged in!

Compare scores with friends on all Sporcle quizzes.
OR
Log In

You Might Also Like...

Show Comments

Extras

Top Quizzes Today


Score Distribution

Your Account Isn't Verified!

In order to create a playlist on Sporcle, you need to verify the email address you used during registration. Go to your Sporcle Settings to finish the process.

Report this User

Report this user for behavior that violates our Community Guidelines.

Details: